000
00331nam a2200145Ia 4500
100
_a
Gill/Stephen J
650
_a
General
942
_c
BK
654
_a
organisational
245
_a
Managers Pocket guide to organisational learning
260
_b
Jaico Pub
_c
2003
082
_a
658.402
_b
GIL
300
_a
143
546
_a
ENGLISH
999
_c
22613
_d
22613